000
00294nam a22001097a 4500
003
SGT
082
_a
370,KOM
100
_a
Komal-201001001
245
_a
A Study of Personality in Relation to the Logical Thinking of Senior Secondary School Students of Haryana
260
_c
2020
942
_2
ddc
_c
TH
999
_c
29414
_d
29414